000 00677nam a2200205Ia 4500
003 IN-BaIIA
008 211028s9999 xx 000 0 eng d
020 _a0-262-03080-2
040 _cIIA Library
080 _a52
_bCOR
245 0 _aRevealing the universe
_bprediction and proof in astronomy
_cedited by James Cornell and Allan P. Lightman
260 _aCambridge
_bMIT Press
_c1982
300 _axiv, 246p.
500 _aDonated by Mrs. Bappu
650 _aAstronomy
_980
650 _aAstronomy and Astrophysics Thesaurus
700 _aCornell, James., ed.
_910013
700 _aLightman, Allan P., ed.
_913044
942 _cBK
999 _c7714
_d7714